000 01078cam a22003375i 4500
001 23939684
005 20250507155446.0
008 241204s2024 ii 000 0 eng
010 _a 2024365654
020 _a9781032723686
025 _aI-E-2024365654
037 _cTB
040 _aCRL
_beng
_erda
_cCRL
041 _2eng
_aeng
042 _alcode
084 _aQ2:1 R4
_qCRL
245 0 0 _aMyths and places :
_bNew perspectives in Indian cultural geography
260 _aAbingdon, Oxon :
_bRoutledge,
_c2024.
300 _axiv, 232p.
336 _atext
_btxt
_2rdacontent
337 _aunmediated
_bn
_2rdamedia
338 _avolume
_bnc
_2rdacarrier
365 _b1295.00
_cINR
650 _aReligion
650 _aIndian Mythology
_9755433
700 _aKaul, Shonaleeka
_eeditor.
906 _a7
_bpar
_corigode
_d3
_encip
_f20
_gy-gencatlg
942 _2CC
_cTB
_hQ2:1 R4
_n0
999 _c1320358
_d1320358